Pick the Peaks Quiz Stats

 Plays Quiz Updated Jun 7, 2018

Also try: Mountain Ranges
Challenge
Share
Tweet
Score 0/7 Timer 01:30
0 Plays Today
% Correct
Mount Kilimanjaro
93.9%
Vinson Massif
87.8%
Mount Everest
72.9%
Denali
67.6%
Puncak Jaya
66.7%
Mount Elbrus
53.4%
Aconcagua
48.1%

You're not logged in!

Compare scores with friends on all Sporcle quizzes.
Join for Free
OR
Log In

You Might Also Like...

Show Comments

Extras

Top Quizzes Today


Score Distribution

Your Account Isn't Verified!

In order to create a playlist on Sporcle, you need to verify the email address you used during registration. Go to your Sporcle Settings to finish the process.

Report this User

Report this user for behavior that violates our Community Guidelines.

Details: